header

Primary teacher education (Record no. 12658)

MARC details
000 -LEADER
fixed length control field 01422nam a2200349 a 4500
082 04 - DEWEY DECIMAL CLASSIFICATION NUMBER
Classification number 372
245 00 - TITLE STATEMENT
Title Primary teacher education
260 ## - PUBLICATION, DISTRIBUTION, ETC. (IMPRINT)
Place of publication London :
Name of publisher Bristol, PA :
-- Falmer Press,
Year of publication 1998.
300 ## - PHYSICAL DESCRIPTION
Number of Pages viii, 232 p.
650 #0 - SUBJECT ADDED ENTRY--TOPICAL TERM
Topical Term Elementary school teachers
Topical Term Elementary school teaching
Topical Term Education, Elementary
700 1# - ADDED ENTRY--PERSONAL NAME
Personal name Richards, Colin.
Personal name Simco, Neil.
Personal name Twiselton, Sam.
856 40 - ELECTRONIC LOCATION AND ACCESS
Uniform Resource Identifier http://site.ebrary.com/lib/rucke/Doc?id=10017323

No items available.

© 2026 Rongo University
Contact us: librarian | system librarian | Rongo university